Camel Xiangzi /

Bibliographic Details
Main Author: Lao, She, 1899-1966
Format: Book
Language:English
Chinese
Published: Beijing : Bloomington : published in association with Foreign Languages Press ; Indiana University Press, [1981]

MARC

Tag First Indicator Second Indicator Subfields
LEADER 00000pam a2200000 a 4500
001 in00000089921
005 20151008063553.0
008 810515s1981 cc 00011 eng
010 |a  81047584  
020 |a 0253312965 
020 |a 0253202752 (pbk.) 
035 |a (OCoLC)07554885 
035 |9 AAK2504AM 
039 0 |a 2  |b 3  |c 3  |d 3  |e 3 
040 |a DLC  |c DLC  |d TXA  |d UtOrBLW 
041 1 |a eng  |a chi 
049 |a TXAM  |c [1442353] 
050 0 0 |a PL2804.C5  |b L613 1981 
082 0 |a 895.1/35  |2 19 
100 1 |a Lao, She,  |d 1899-1966. 
240 1 3 |a Luo tuo Xiangzi.  |l English 
245 1 0 |a Camel Xiangzi /  |c Lao She ; translated by Shi Xiaoqing. 
264 1 |a Beijing :  |b published in association with Foreign Languages Press ;  |a Bloomington :  |b Indiana University Press,  |c [1981] 
264 4 |c ©1981 
300 |a 236 pages ;  |c 22 cm. 
336 |a text  |b txt  |2 rdacontent 
337 |a unmediated  |b n  |2 rdamedia 
338 |a volume  |b nc  |2 rdacarrier 
500 |a Translation of: Lo to Hsiang-tzu. 
999 |a MARS 
999 f f |s bfa6389b-f7a7-3418-b805-f3fd95ed4f19  |i 48cc40c5-e428-3c31-b93c-74a0d70b724b  |t 0 
952 f f |p normal  |a Texas A&M University  |b College Station  |c Sterling C. Evans Library  |d Evans: Library Stacks  |t 0  |e PL2804.C5 L613 1981  |h Library of Congress classification  |i unmediated -- volume  |m A14806176610 
998 f f |a PL2804.C5 L613 1981  |t 0  |l Evans: Library Stacks